000 00806nam a22002297a 4500
005 20170124105919.0
010 _aA-517490
020 _c00.00
035 _aA-517490
037 _bCen Lib/Ret
040 _aDPL
_bEN
082 _a307.77095458
_bLYN
100 _aLyngdoh, Mary Pristilla Rina
_93697
245 _aThe festival in the history and culture of the khasi /
_cby Mary Pristilla Rina Lyngdoh
260 _aNew Delhi
_bVikas Publishing House
_c1991
270 _a576 Msjid Road, Jangpura
_bNew Delhi
_e110014
300 _a220p.
_c22cm(Hb)
500 _aIncludes bibliographical references and index
650 _aKhasi (Indic people)--Social life and customs
_973925
650 _aMeghalaya (India). Legislative Assembly
_973926
942 _2ddc
_cEN
_h307.772095458
_mLYN
999 _c123021
_d123021